| 000 | 04967cam a22012254i 4500 | ||
|---|---|---|---|
| 003 | PE-LiUPU | ||
| 005 | 20250813185500.0 | ||
| 008 | 150625s r 000 0 d | ||
| 020 | _a8437500052 | ||
| 035 | _a(Sirsi) i9788437500058 | ||
| 040 |
_aPE-LiUPU _bspa _cPE-LiUPU _erda |
||
| 049 | _aPRUA | ||
| 082 | 0 | 4 |
_a379.09 _bA11 _221 |
| 100 | 1 |
_aAbbagnano, Nicolás, _d1901-1990, _eautor. |
|
| 245 | 1 | 0 |
_aHistoria de la pedagogía / _cNicolás Abbagnano y A. Visalberghi ; [traducción de Jorge Hernández Campos]. |
| 264 | 1 |
_aMexico : _bFondo de cultura economica, _c1992. |
|
| 300 |
_a709 páginas ; _c24 centímetros |
||
| 336 |
_atext _2rdacontent |
||
| 337 |
_aunmediated _2rdamedia |
||
| 338 |
_avolume _2rdacarrier |
||
| 490 | 0 | _aSección obras de filosofía | |
| 505 | 0 | _aLa Educación en el antiguo oriente. -La Educación en el mundo homerico. -La Educación del ciudadano griego. -El surgimiento de la reflexion filosofica. -y sus primeras apliaciones a la Educación. -Los sofistas y socrates. -Platon. -Aristoteles. -Filosofia y cultura en el mundo helenistico-romano. -La Educación cristiana primitiva y la patristica. -San agustin. -la Educación en la edad media y la alta escolastica. -Nuevos horizontes de la escolastica en el siglo XII. - Las culturas arabe y judia. -La polemica del aristotelismo. -el tomismo. -La escuela franciscana de Oxford. el siglo XIV. Renacimiento y humanismo. -El naturalismo renacentista. -Los origenes de la ciencia moderna. -Descartes. -la renovacion pedagogica en el siglo XVII. Hobbes y Spinoza. -la filosofia y la pedagogia de John Locke. -Racionalismo y empirismo. -El historicismo de Giambatista Vico. La ilustracion en Inglaterra y francia. -Rosseau. -La ilustracion en Italia y Alemania. -Immanuel Kant. -El romanticismo. La filosofia del romanticismo. -Giovanni Enrico Pestozzi. Friedrich Frobel y la pedagogia roamntica. -La polemica contra el idealismo. -La izquierda hegeliana y el marxismo. -El retorno romantico o la tradicion en Francia y en Italia. - La pedagogia del catolicismo liberal en iTalia. -El positivismo social. - El positivismo evolucionita. - La escuela italiana posterior a la unidad y la hora de los positivistas. -La reaccion al positivismo: el espiritualismo y criticismo. -El idealismo contemporaneo. -Filosofia de accion: pragmatismo, instrumentalismo. -Las filosofias de las ciencias y el neopositivismo. -Fenomenologia y existencialismo. -John Dewey la escuela "progresiva" norteamericana. -La "nueva Educación" y las reformas escolares en la Europa contemporanea. | |
| 526 | _aP202 | ||
| 526 | _aP201 | ||
| 526 | _aP163 | ||
| 526 | _aP162 | ||
| 526 | _aP161 | ||
| 526 | _aP160 | ||
| 526 | _aP148 | ||
| 526 | _aP147 | ||
| 526 | _aP146 | ||
| 526 | _aP145 | ||
| 526 | _aP144 | ||
| 526 | _aP143 | ||
| 526 | _aP142 | ||
| 526 | _aP141 | ||
| 526 | _aP140 | ||
| 526 | _aP139 | ||
| 526 | _aP138 | ||
| 526 | _aP137 | ||
| 526 | _aP136 | ||
| 526 | _aP135 | ||
| 526 | _aP134 | ||
| 526 | _aP133 | ||
| 526 | _aP129 | ||
| 526 | _aP128 | ||
| 526 | _aP127 | ||
| 526 | _aP120 | ||
| 526 | _aP119 | ||
| 526 | _aP118 | ||
| 526 | _aP116 | ||
| 526 | _aP115 | ||
| 526 | _aP114 | ||
| 526 | _aP110 | ||
| 526 | _aP109 | ||
| 526 | _aP108 | ||
| 526 | _aP104 | ||
| 526 | _aP103 | ||
| 526 | _aP102 | ||
| 526 | _aP99 | ||
| 526 | _aP98 | ||
| 526 | _aP97 | ||
| 526 | _aP96 | ||
| 526 | _aP95 | ||
| 526 | _aP93 | ||
| 526 | _aP90 | ||
| 526 | _aP89 | ||
| 526 | _aP88 | ||
| 526 | _aP83 | ||
| 526 | _aP82 | ||
| 526 | _aP62 | ||
| 526 | _aP59 | ||
| 526 | _aP58 | ||
| 526 | _aP57 | ||
| 526 | _aP51 | ||
| 526 | _aP49 | ||
| 526 | _aP48 | ||
| 526 | _aP47 | ||
| 526 | _aP29 | ||
| 526 | _aP24 | ||
| 526 | _aP20 | ||
| 526 | _aP19 | ||
| 526 | _aP17 | ||
| 526 | _aP15 | ||
| 526 | _aP14 | ||
| 526 | _aP12 | ||
| 526 | _aP10 | ||
| 526 | _aP09 | ||
| 526 | _aP08 | ||
| 526 | _aP07 | ||
| 526 | _aP06 | ||
| 526 | _aP05 | ||
| 526 | _aP04 | ||
| 526 | _aP01 | ||
| 541 | _g005-0002485; | ||
| 650 | 0 | 4 |
_aEducación _xHistoria. |
| 942 |
_2ddc _cBOOK |
||
| 949 |
_a379.09 A11 _wDEWEY _c1 _i56958 _lCCODEBUL1 _mBUL _p96.00 _r0 _sY _tBOOK _u2015-6-25 _xEDUCACION _PP35 _0COMPRA _o.STAFF. Colección General |
||
| 949 |
_a379.09 A11 _wDEWEY _c2 _i38397 _lCCODEBUL1 _mBUL _r0 _sY _tBOOK _u2015-6-25 _xEDUCACION _PP20 _0COMPRA _o.STAFF. Colección General |
||
| 994 |
_aC0 _bPEPRU |
||
| 596 | _a1 | ||
| 999 |
_a379.09 A11 _wDEWEY _c38264 _i56958 _d38264 _e2019-4-21 _f2021-11-8 _g5 _lCCODEBUL1 _mBUL _n3 _p96.00 _q1 _r0 _sN _tBOOK _u2015-6-25 _xEDUCACION _PP35 _0COMPRA _o.STAFF. Colección General |
||
| 999 |
_a379.09 A11 _wDEWEY _c2 _i38397 _d2019-1-11 _e2019-1-8 _f2019-12-10 _g4 _lDISCARD _mBUL _n1 _q2 _r0 _sN _tBOOK _u2015-6-25 _xEDUCACION _PP20 _0COMPRA _o.STAFF. Colección General |
||
| 980 |
_81 _gALBERTO SANCHEZ Responsable de Automatización |
||